000 00603nam a2200217Ia 4500
999 _c41157
_d41157
001 7807
003 GE_BSU
005 20221116111344.0
008 181216s2009||||en |||||||||||||| ||eng||
020 _a9780195695250 x
040 _cGE_BSU
041 _aeng
080 _a657 S-53
100 _aShah,Paresh
_914801
245 _aManagement Accounting /
_cParesh Shah
264 _aNew York :
_bOxford university press,
_c2009.
300 _a793 p. :
_bIll.
_c24 cm.
653 _aManagement Accounting
653 _aმენეჯმენტის ბუღალტერია
942 _cBK
_2udc